|
|
|
|
| LEADER |
00000nab a2200000 a 4500 |
| 001 |
vtls000707653 |
| 003 |
SK-MaSNL |
| 005 |
20260318133123.0 |
| 008 |
160405c1999 xo 0 hun |
| 015 |
|
|
|a SNBRB1999/10-13247
|
| 035 |
|
|
|a CLN000059820
|
| 040 |
|
|
|a SNKBUCL
|b slo
|c SNKBUCL
|e AACR2
|
| 041 |
0 |
|
|a hun
|
| 044 |
|
|
|a xo
|c SK
|
| 080 |
|
|
|a 353(437.6)
|2 1997
|
| 080 |
|
|
|a 329.4(437.6)(=945.11)SMK
|2 1997
|
| 100 |
1 |
|
|a Vrabec, Mária,
|d 1970-
|4 aut
|9 102331
|
| 245 |
1 |
0 |
|a Egy éve tarolt a régióban a Magyar Koalíció Pártja
|b a Nyitrai és a Nagyszombati kerületben kapta a legtöbb pozíciót az MKP, mégsem teljesen elégedettek
|c Vrabec Mária
|
| 300 |
|
|
|b Fotogr.
|
| 610 |
|
7 |
|a Strana maďarskej koalície - Magyar Koalíció Pártja
|2 snkbucl
|9 229268
|
| 650 |
0 |
7 |
|a správa štátna
|z Nitriansky kraj (Slovensko)
|2 snkbucl
|9 1202993
|
| 650 |
0 |
7 |
|a správa štátna
|z Trnavský kraj (Slovensko)
|2 snkbucl
|9 1202994
|
| 650 |
0 |
7 |
|a správa štátna
|z Šaľa (Slovensko : okres)
|2 snkbucl
|9 1202995
|
| 650 |
0 |
7 |
|a správa štátna
|z Galanta (Slovensko : okres)
|2 snkbucl
|9 1202996
|
| 651 |
|
7 |
|a 405
|2 snkbucl
|9 298699
|
| 651 |
|
7 |
|a 202
|2 snkbucl
|9 309878
|
| 655 |
|
7 |
|a články z novín a časopisov
|2 snkbucl
|9 267496
|
| 773 |
0 |
|
|t Új szó
|g Roč. 52, č. 249 (28.10.1999)
|
| 773 |
0 |
|
|t [Príl.] Régióink
|g Roč. 2, č. 31 (1999), s. I
|
| 850 |
|
|
|a Slovenská národná knižnica v Martine
|
| 852 |
|
|
|a SNK
|b KIS3GCP
|
| 958 |
|
|
|a HU
|
| 958 |
|
|
|a SK
|
| 958 |
|
|
|a RBX
|
| 999 |
|
|
|c 2099406
|d 2101336
|